| 000 | 01067nam a22002177a 4500 | ||
|---|---|---|---|
| 001 | 8669 | ||
| 003 | FISKH | ||
| 005 | 20251009103123.0 | ||
| 008 | 251009b cb ||||| |||| 00| 0 eng d | ||
| 020 | _a9781107683457 | ||
| 040 |
_aFISKH _beng _cFISKH _dFISKH |
||
| 082 | _a428.2 | ||
| 100 | _aBudgell, Gill | ||
| 245 |
_aCambridge primary English activity book 1 / _cGill Budgell and Kate Ruttle |
||
| 260 |
_aNew York : _bCambridge, _c2015. |
||
| 300 |
_a104 pages : _bcolor illustrations ; _c28 cm |
||
| 520 | _aCambridge Primary English Activity Book provides additional practice to reinforce the language skills taught in the Learner’s Book. It includes a wide range of engaging exercises that help students develop reading, writing, grammar, and vocabulary skills. The activities encourage independent learning and support students in becoming confident users of English through fun and interactive tasks. | ||
| 650 |
_aEnglish language _vReading comprehension _xGrammar and vocabulary practice _yStudy and teaching |
||
| 942 |
_2ddc _cBK _n0 |
||
| 999 |
_c8669 _d8669 |
||